Loading...
Science - Other Science | 1 | 5 | 1 | 0 | 60 | 44 | 65.83 | 5 | 6 |
Science - Physics | 3 | 2 | 2 | 0 | 55 | 26 | 63.60 | 3 | 5 |
Science - Chemistry | 1 | 3 | 0 | 0 | 45 | 64 | 87.00 | 0 | 4 |
Science - Biology | 1 | 4 | 3 | 1 | 40 | 48 | 78.00 | 3 | 5 |
Philosophy | 1 | 0 | 0 | 0 | 15 | 47 | 47.00 | 1 | 1 |
Pop Culture | 1 | 0 | 0 | 0 | 15 | 22 | 22.00 | 1 | 1 |
Current Events | 0 | 1 | 0 | 0 | 10 | 74 | 74.00 | 0 | 1 |
Fine Arts - Other Fine Arts | 0 | 1 | 0 | 0 | 10 | 93 | 93.00 | 1 | 1 |
Literature - World Literature | 0 | 1 | 0 | 0 | 10 | 96 | 96.00 | 1 | 1 |
Religion | 0 | 2 | 2 | 1 | 10 | 106 | 119.50 | 1 | 2 |
Mythology | 0 | 1 | 1 | 1 | 5 | 154 | 154.00 | 0 | 1 |
Social Science | 0 | 1 | 1 | 0 | 5 | 84 | 84.00 | 0 | 1 |